Salinity Research At H.A.U (Record no. 2473)

MARC details
000 -LEADER
fixed length control field 00285nam a22001217a 4500
041 ## - LANGUAGE CODE
Language code of text/sound track or separate title ENG
100 ## - MAIN ENTRY--PERSONAL NAME
Personal name Manchanda.H,R
245 ## - TITLE STATEMENT
Title Salinity Research At H.A.U
260 ## - PUBLICATION, DISTRIBUTION, ETC. (IMPRINT)
Place of publication, distribution, etc Hisar
Name of publisher, distributor, etc C.C.S haryana Agricultural University
Date of publication, distribution, etc 2000
300 ## - PHYSICAL DESCRIPTION
Extent 109
650 ## - SUBJECT ADDED ENTRY--TOPICAL TERM
Topical term or geographic name as entry element GAE
856 ## - ELECTRONIC LOCATION AND ACCESS
Uniform Resource Identifier GAE ( 37 )
Holdings
Withdrawn status Lost status Source of classification or shelving scheme Damaged status Not for loan Home library Current library Shelving location Date acquired Total Checkouts Barcode Date last seen Price effective from Koha item type
    Dewey Decimal Classification     College of Agricultural Engineering and Technology, Dapoli , Library College of Agricultural Engineering and Technology, Dapoli , Library Book Cart 22/10/2021   003215 22/10/2021 22/10/2021 Books

Contact Us: College of Agricultural Engineering and Technology, Dapoli, Dist.- Ratnagiri
Website: https://dbskkv.org Email: caetlibrary2015@gmail.com